00808 a2200181 45000010006000000050017000060080041000230030015000640400040000790800125001192450039002442500012002832640036002953000024003315050240003550410008005951000023006036396620260521160827.0260521a1976 arg spa dAR-UNSa-BCEJYS aAR-UNSa-BCEJYSbspacAR-UNSa-BCEJYS a658.012.2xPlanificación. Programas. Planes. Medidas de apoyo a la planificación( Administración estratégica...)10aSistemas de planeamiento y control a2a. ed. 1aBuenos Aires :bEl Ateneoc1976 axiv, 177 p.c19 cm. a1. Elección de un esquema – 2. Planeamiento estratégico y control administrativo – 3. Control operacional – 4. Manipulación de la información – 5. Contabilidad financiera – 6. Algunas conclusiones y consecuencias –  aspa1 aAnthony, Robert N.